000 00935pam a2200265 a 4500
001 2405866
005 19890822000000.0
008 860728s1987 nyua b 001 0 eng
010 _a 86019041
020 _a0471817058
040 _aDLC
_cDLC
_dDLC
043 _an-us---
050 0 0 _aKF5701
_b.L54 1987
082 0 0 _a690.028
_222
_bLIE
100 1 _aLiebing, Ralph W.,
_d1935-
_95445
245 1 0 _aConstruction Regulations Handbook /
_cRalph W. Liebing.
260 _aNew York :
_bWiley, 1987
_cc1987.
300 _axii, 350 p. :
_bill. ;
_c25 cm.
500 _a"A Wiley-Interscience publication."
500 _aIncludes index.
504 _aBibliography: p. 343-345.
650 0 _aBuilding laws
_zUnited States.
_95446
942 _2ddc
_cBB
999 _c11650
_d11650